Tio Marios menu og priser - Statistics

General Stats
  • This quiz has been taken 1 time
  • The average score is 43 of 112
Answer Stats
Hint Answer % Correct
Nr 46 Buffalo Mozzerella Salad 119
100%
Nr 48 Caeser Salad with Chicken 129
100%
Nr 19 Calvin’s Pizza 135
100%
Nr 17 Calzone 125
100%
Nr 5 Capricciosa 115
100%
Nr 33 Crispy Chicken Burger 139
100%
Nr 16 Denmark 135
100%
Nr 7 Dilara 125
100%
Nr 12 Emilie’s Pizza 125
100%
Nr 6 Enes 115
100%
Nr 13 Feta 125
100%
Nr 35 Garlic Beef 249
100%
Nr 49 Greek Salad 119
100%
Nr 30 Grilled Mexi Burger 149
100%
Nr 36 Grilled Salmon 249
100%
Nr 47 Grilled Salmon Salad 129
100%
Nr 3 Hawaii 115
100%
Nr 18 Italiano 125
100%
Nr 15 Jacob’s Special 135
100%
Nr 53 Kids Nuggets 79
100%
Nr 51 Kids Pizza 79
100%
Nr 38 Lasagna 149
100%
Nr 1 Margherita 115
100%
Nr 14 Melissa’s Pizza 129
100%
Nr 8 Messi 125
100%
Nr 41 Penne al Funghi 149
100%
Nr 42 Penne Pollo 149
100%
Nr 44 Penne Vegetariana 149
100%
Nr 4 Pepperoni 115
100%
Nr 21 Potato 125
100%
Nr 11 Salad Pizza 125
100%
Nr 37 Scaloppine al Gorgonzola 249
100%
Nr 20 Stagioni 135
100%
Nr 34 Steak Bearnaise 249
100%
Nr 43 Tagliatelle al Mare 139
100%
Nr 39 Tagliatelle Bolognese 139
100%
Nr 40 Tagliatelle Carbonara 139
100%
Nr 32 The King Burger 159
100%
Nr 31 The Queen Burger 139
100%
Nr 9 Tio Marios 125
100%
Nr 10 Vegetariana 125
100%
Nr 45 Vegetarian Salad 89
100%
Nr 2 Vesuvio 115
100%
Shot Aalborg Akvavit 35
0%
Nr 60 Affogato al Amaratto 99
0%
Hot Drink Americano 34
0%
Draft Beer Anarkist New England IPA 59/69
0%
Cocktail Aperol Spritz 85
0%
Cold Drink Apple Juice 39/49
0%
Cocktail Astronaut 85
0%
Shot Baileys 35
0%
Bottled Beer Birra Moretti 49
0%
Hot Drink Black or Green Tea 38
0%
Bottled Beer Blanc 1664 49
0%
Nr 64 Brownie 89
0%
Hot Drink Caffe Latte 44
0%
Hot Drink Cappuccino 44
0%
Hot Drink Chai Latte 44
0%
Nr 52 Chicken Nuggets 79
0%
Hot Drink Cortado 34
0%
Cocktail Dark 'n' Stormy 85
0%
Nr 59 Dip 15
0%
Hot Drink Double Espresso 34
0%
Bottled Beer Edelweiss 49
0%
Cold Drink Elderflower 39
0%
Hot Drink Espresso 29
0%
Cocktail Espresso Martini 105
0%
Cold Drink Faxe Kondi 39/49
0%
Cold Drink Faxe Kondi Orange 39/49
0%
Nr 57 French Fries 55
0%
Shot Gammel Dansk 35
0%
Nr 62 Gelato - Ice Cream 89
0%
Cold Drink Ginger beer 39
0%
Cocktail Gin Hass 85
0%
Cocktail Gin & Tonic 85
0%
Shot Grappa 35
0%
Shot Hennessy Cognac 45
0%
Nr 56 Homemade Bruschetta 79
0%
Hot Drink Hot Chocolate 44
0%
Hot Drink Ice Coffee Latte 49
0%
Cold Drink Ice Tea 39/49
0%
Hot Drink Irish Coffee 69
0%
Shot Jack Daniel's 45
0%
Cocktail Jack N Coke 85
0%
Shot Jägermeister 35
0%
Cocktail Københavnerstang 85
0%
Shot Limoncello 35
0%
Cold Drink Milk 25
0%
Cold Drink Mineral Water 29
0%
Cold Drink Miranda Lemon 39/49
0%
Cocktail Mojito 85
0%
Cocktail Moscow Mule 85
0%
Draft Beer Odense Classic 45/55
0%
Draft Beer Odense Pilsner 45/55
0%
Cold Drink Orange Juice 39/49
0%
Nr 54 Oven Baked Nachos with Cheese 119
0%
Nr 55 Oven Baked Nachos with Chicken 139
0%
Cold Drink Pepsi 39/49
0%
Cold Drink Pepsi Max 39/49
0%
Bottled Beer Peroni 49
0%
Shot Pomegranate 35
0%
Nr 58 Potato Wedges 65
0%
Shot Red Label 45
0%
Bottled Beer Royal 0,0% Pilsner 42
0%
Shot Sambuca 35
0%
Bottled Beer Schietz Mørk Mumme 69
0%
Shot Små Konger 35
0%
Cold Drink Sparkling Water 39/49
0%
Shot Tequila 35
0%
Cold Drink Tonic Water 39
0%
Cold Drink Water 20
0%
Cocktail White Russian 85
0%
No matching quizzes found
Score Distribution
Percent of People with Each Score
Percentile by Number Answered
Your Score History
You have not taken this quiz